000 00292nam a22001337a 4500
008 170420b xxu||||| |||| 00| 0 eng d
020 _a9780060975197
041 _aeng
080 _a573
100 _a11
101 _aSHM
245 _aBIOLOGY AS IDEOLOGY
_cLEWONTIN, R.C
942 _2udc
_cBK
999 _c11360
_d11360